NFL General Knowledge - Extreme - Statistics

General Stats
  • This quiz has been taken 156 times
  • The average score is 11 of 22
Answer Stats
Hint Answer % Correct
Who won the first Super Bowl Green Bay Packers
90%
What NFL player legally changed his last name to Ochocinco Chad Johnson
83%
Who was the youngest head coach to ever win a super bowl Mike Tomlin
77%
What pair of brothers coached against each other in superbowl 47 Harbaugh Brothers
76%
Who was the last NFL Running Back to win MVP Adrian Peterson
69%
Who holds the record for the most rushing TD's in a single NFl season LaDainian Tomlinson
69%
Who is the winnigest head coach of all time Don Shula
61%
Who is the only NFL Rookie win the MVP award Jim Brown
60%
Who holds the record for longest field goal in NFL Hisotry Matt Prater
55%
Who was the Houstan Texans first ever draft selection in 2002 David Carr
53%
Which NFL team hasn't won a playoff game since 1990 Cincinnati Bengals
50%
Who was Brett Favre's first career completion to Brett Favre
49%
Who was the oldest player to ever play in the NFL Geroge Blanda
46%
Who was the second overall pick in the 1998 NFL draft Ryan Leaf
46%
Who was head coach of the Browns in their last playoff win Bill Bellichick
37%
Who was the NFL MVP in 2002 Rich Gannon
35%
Who was the first defensive player in NFL history to win the MVP award Alan Page
34%
What NFL team hasn't made the playoffs since they won the superbowl Tampa Bay Buccaneers
30%
Who did Peyton Manning win joint MVP with in 2003 Steve McNair
29%
Which NFL quaterback played for 7 teams over 21 years Vinny Testaverde
29%
Who cursed the Detroit Lions to not win a championsip for 50 years Bobby Layne
15%
Who holds the record for most scrimmage yards in an NFL season Chris Johnson
11%
No matching quizzes found
Score Distribution
Percent of People with Each Score
Percentile by Number Answered
Your Score History
You have not taken this quiz